000 00377cam a22001337a 4500
008 180718b1986 xxu||||| |||| 00| 0 eng d
082 _aZ442x54 Si64
100 _aSingh, J.P.
245 _aRole of institutional finance in agriculture
_cby J.P. Singh
260 _aNew Delhi
_bAshish
_c1986
300 _a378p.
500 _aBiblp.366-74
650 _aAgricultural credit - India
999 _c353232
_d353232